Getting life : an innocent man's 25-year journey ... Read More
Record details
- ISBN: 9781476756820 (hbk.
- ISBN: 1476756821 (hbk.)
- Physical Description: xi, 283 pages ; 24 cm
- Edition: First Simon & Schuster hardcover edition.
- Publisher: New York : Simon & Schuster, 2014.
Content descriptions
| Summary, etc.: | "On August 13, 1986 ... Michael Morton went to ... Read More |
Search for related items by subject
| LDR | 02424cam a2200481 i 4500 | ||
|---|---|---|---|
| 001 | 169047 | ||
| 003 | LARL_NWRL_CONSORTIUM | ||
| 005 | 20140808101347.0 | ||
| 008 | 140421s2014 nyu 000 0aeng | ||
| 010 | . | ‡a2014000148 | |
| 020 | . | ‡a9781476756820 (hbk. | |
| 020 | . | ‡a1476756821 (hbk.) | |
| 020 | . | ‡z9781476756837 (pbk.) | |
| 020 | . | ‡z147675683X (pbk.) | |
| 020 | . | ‡z9781476756844 (ebk.) | |
| 035 | . | ‡a(OCoLC)865496279 | |
| 040 | . | ‡aDLC ‡erda ‡beng ‡cDLC ‡dIG# ‡dBTCTA ‡dBDX ‡dOCLCO ‡dIUO ‡dYDXCP | |
| 043 | . | ‡an-us--- ‡an-us-tx | |
| 050 | 0 | 0. | ‡aHV9468.M67 ‡bA3 2014 |
| 082 | 0 | 0. | ‡a365/.6092 ‡aB ‡223 |
| 084 | . | ‡aBIO026000 ‡aSOC030000 ‡aTRU000000 ‡2bisacsh | |
| 100 | 1 | . | ‡aMorton, Michael, ‡d1954- |
| 245 | 1 | 0. | ‡aGetting life : ‡ban innocent man's 25-year journey from prison to peace : a memoir / ‡cMichael Morton. |
| 250 | . | ‡aFirst Simon & Schuster hardcover edition. | |
| 260 | . | ‡aNew York : ‡bSimon & Schuster, ‡c2014. | |
| 300 | . | ‡axi, 283 pages ; ‡c24 cm | |
| 336 | . | ‡atext ‡2rdacontent | |
| 337 | . | ‡aunmediated ‡2rdamedia | |
| 338 | . | ‡avolume ‡2rdacarrier | |
| 520 | . | ‡a"On August 13, 1986 ... Michael Morton went to work at his usual time. By the end of the day, his wife Christine had been savagely bludgeoned to death in the couple's bed--and the Williamson County Sheriff's office in Texas wasted no time in pinning her murder on [him] ... Michael was swiftly sentenced to life in prison for a crime he had not committed ... It would take twenty-five years--and thousands of hours of effort on the part of Michael's lawyers, including the team at the New York-based Innocence Project--before DNA evidence was brought to light that would ultimately set Michael free"-- ‡cProvided by publisher. | |
| 600 | 1 | 0. | ‡aMorton, Michael, ‡d1954- |
| 650 | 0. | ‡aPrisoners ‡zTexas ‡vBiography. | |
| 650 | 0. | ‡aCriminal justice, Administration of ‡zTexas. | |
| 650 | 0. | ‡aJudicial error ‡zTexas. | |
| 650 | 7. | ‡aBIOGRAPHY & AUTOBIOGRAPHY / Personal Memoirs. ‡2bisacsh | |
| 650 | 7. | ‡aSOCIAL SCIENCE / Penology. ‡2bisacsh | |
| 650 | 7. | ‡aTRUE CRIME / General. ‡2bisacsh | |
| 948 | . | ‡hNO HOLDINGS IN LAL - 364 OTHER HOLDINGS | |
| 994 | . | ‡aZ0 ‡bLAL | |
| 901 | . | ‡a169047 ‡bOCLC ‡c169047 ‡tbiblio | |

Add to basket
Permalink
Disable Highlighting